Catálogo
 En Linea

Leyendas del Táchira I. (Registro nro. 44092)

Detalles MARC
000 -CABECERA
campo de control de longitud fija 00280nam a2200109 a 4500
005 - FECHA Y HORA DE LA ÚLTIMA TRANSACCIÓN
campo de control 20201002045507.0
008 - DATOS DE LONGITUD FIJA--INFORMACIÓN GENERAL
campo de control de longitud fija 141209s2011 000 spa d
020 ## - NÚMERO INTERNACIONAL ESTÁNDAR DEL LIBRO
Número Internacional Estándar del Libro 9806007151
040 ## - FUENTE DE LA CATALOGACIÓN
Centro catalogador/agencia de origen DO-SdBNP
245 #0 - MENCIÓN DE TÍTULO
Título Leyendas del Táchira I.
260 ## - PUBLICACIÓN, DISTRIBUCIÓN, ETC.
Lugar de publicación, distribución, etc. San Cristóbal, Venezuela,
Fecha de publicación, distribución, etc. 2011.

No hay ítems disponibles.

Con tecnología Koha